| 000 | 01319nam a22003617a 4500 | ||
|---|---|---|---|
| 003 | CHAP | ||
| 005 | 20220329133954.0 | ||
| 008 | 971013s1994 r 00010 d | ||
| 010 | _a13439 | ||
| 011 | _a14411 | ||
| 035 | _a18484 | ||
| 040 | _cCHAP | ||
| 090 | _aTesis | ||
| 100 | 0 | 0 |
_aAguilar Benítez, David. _92659 |
| 245 | _aSistema automatizado para la selección y administración de parques de maquinaria agrícola | ||
| 260 |
_aChapingo, Méx. : _bEl autor, _c1994 |
||
| 300 |
_a151 h. _b: ilus. _e+ anexos |
||
| 502 | _aTesis (Ing. Agr. Esp. en Mecánica Agrícola ) -- UACH. Departamento de Ingeniería Mecánica Agrícola | ||
| 590 |
_aALEPH _b10 _c20130110 _lUCH01 _h1233 |
||
| 590 |
_aBATCH-UPD _b10 _c20130110 _lUCH01 _h0100 |
||
| 590 |
_aBATCH-UPD _b10 _c20130110 _lUCH01 _h2004 |
||
| 590 |
_aBATCH-UPD _b10 _c20130409 _lUCH01 _h2049 |
||
| 590 |
_aBATCH-UPD _b10 _c20130410 _lUCH01 _h1324 |
||
| 590 |
_aBATCH-UPD _b10 _c20130913 _lUCH01 _h2309 |
||
| 590 |
_aCONVERSION _b10 _c20130109 _lUCH01 _h1309 |
||
| 650 | 1 | 4 |
_aMaquinaria agrícola. _971151 |
| 650 | 1 | 4 |
_aMecanización agrícola. _973801 |
| 650 | 1 | 4 |
_aProcesamiento automático de datos en maquinaria agrícola. _991799 |
| 700 | 0 |
_aJuárez Peña, Silviano. _962474 |
|
| 901 | _aBK | ||
| 942 | _cTESIS | ||
| 949 |
_bBC _cTES _d-43122 _eTS1 _h30181 _i18484 _si |
||
| 999 |
_c13439 _d13439 |
||